000 00431nam a2200181Ia 4500
001 8606
005 20260306160622.0
008 260306t2014||||xx |||||||||||||| ||spa||
041 _aESP
082 _a371.2
_bG23
100 _aGarcía Crespo, Jaime
_eAUT
245 0 _aFundamentos del marketing educativo
260 _c2014
300 _a369 páginas :
_c24 cm.
650 _aGEN
654 _aCED
942 _cLIB
_dJUS
_fJUS
_2ddc
_n
999 _c8606
_d8606